The mighty works of God : a brief history of the Council of Baptist Churches in North East India : (Record no. 8411)

MARC details
000 -LEADER
fixed length control field 00798nam a22002177a 4500
003 - CONTROL NUMBER IDENTIFIER
control field GBCCL
005 - DATE AND TIME OF LATEST TRANSACTION
control field 20241126110650.0
008 - FIXED-LENGTH DATA ELEMENTS--GENERAL INFORMATION
fixed length control field 210211b ||||| |||| 00| 0 eng d
020 ## - INTERNATIONAL STANDARD BOOK NUMBER
International Standard Book Number 9789381758007
020 ## - INTERNATIONAL STANDARD BOOK NUMBER
International Standard Book Number 938175800X
040 ## - CATALOGING SOURCE
Transcribing agency GBC
082 ## - DEWEY DECIMAL CLASSIFICATION NUMBER
Classification number 286.1541
Item number DOW
100 ## - MAIN ENTRY--PERSONAL NAME
Personal name Downs, Frederick S.
9 (RLIN) 11875
245 ## - TITLE STATEMENT
Title The mighty works of God : a brief history of the Council of Baptist Churches in North East India :
Remainder of title the mission period 1836-1950
260 ## - PUBLICATION, DISTRIBUTION, ETC.
Place of publication, distribution, etc. Guwahati, Assam, India :
Name of publisher, distributor, etc. Christian Literature Centre,
Date of publication, distribution, etc. 2014.
300 ## - PHYSICAL DESCRIPTION
Extent 242 pages ;
Other physical details 22 cm
650 ## - SUBJECT ADDED ENTRY--TOPICAL TERM
Topical term or geographic name entry element Council of Baptist Churches in North East India
Form subdivision History.
9 (RLIN) 14717
650 ## - SUBJECT ADDED ENTRY--TOPICAL TERM
Topical term or geographic name entry element Baptists
Form subdivision Missions
Geographic subdivision India, Northeastern.
9 (RLIN) 14718
650 ## - SUBJECT ADDED ENTRY--TOPICAL TERM
Form subdivision Church history.
Geographic subdivision India, Northeastern
9 (RLIN) 14719
942 ## - ADDED ENTRY ELEMENTS (KOHA)
Source of classification or shelving scheme Dewey Decimal Classification
Koha item type Books
Holdings
Withdrawn status Lost status Source of classification or shelving scheme Damaged status Not for loan Home library Current Library Shelving location Date acquired Total checkouts Full call number Barcode Date last seen Copy number Price effective from Koha item type Date last checked out
    Dewey Decimal Classification     GRACE BIBLE COLLEGE GRACE BIBLE COLLEGE North East Collection 2021-02-11   286.1541 DOW 013896 2025-05-01 c.1 2021-02-11 Books  
    Dewey Decimal Classification     GRACE BIBLE COLLEGE GRACE BIBLE COLLEGE North East Collection 2021-02-11 2 286.1541 DOW 013897 2025-09-26 c.2 2021-02-11 Books 2025-09-24
© Grace Bible College Library 2025